Cẩm nang thông tin thị trường Pakistan

Đã lưu trong:
書目詳細資料
格式: Sách
語言:Undetermined
出版:  Công Thương  2018
主題:
標簽: 添加標簽
沒有標簽, 成為第一個標記此記錄!
Thư viện lưu trữ: Trung tâm Thư viện - Trường Đại học Công nghiệp TP. Hồ Chí Minh
LEADER 00457nam a2200133Ia 4500
001 UIH_02762
008 231011s9999 xx 000 0 und d
082 |a  382 
245 0 |a  Cẩm nang thông tin thị trường Pakistan 
260 |b  Công Thương 
260 |c  2018 
650 |a  Thương mại quốc tế]; Việt Nam;  
927 |a Sách 
980 |a Trung tâm Thư viện - Trường Đại học Công nghiệp TP. Hồ Chí Minh